000 00664nam a22001937a 4500
999 _c173605
_d173605
005 20200303153945.0
010 _aENG-127955
020 _a9780199466290
_c995.00
035 _aEN-111487
037 _bDBAD/PUB
082 _a305.80095413
245 _aEveryday communalism :
_briots in contemporary Uttar Pradesh/
_c Pai, Sudha [and] Sajjan Kumar
260 _aNew Delhi
_boxford University Press
_c2019
270 _a2/11 Ground floor, Ansari Road,Daryaganj
_bNew Delhi
_e500029
300 _axi;348p.
_c22cm(hb)
500 _ainclude bibliographical references and index
700 _aSajjan Kumar
942 _2ddc
_cEN
_h305.80095413
_mPAI